Manifiesto al mundo : o sean apuntes para la historia /
Texto escrito por Agustín de Iturbide en Italia, en 1823, en el cual se explica y explica al mundo, las que considera son las razones de su ascenso al trono y también de su caída.
Guardado en:
| Autor principal: | |
|---|---|
| Otros autores: | |
| Formato: | Libro |
| Idioma: | Español |
| Publicado: |
México :
Fideicomiso Felipe Teixidor y Monserrat Alfau de Teixidor : Libros del Umbral,
2001, c2001
|
| Colección: | (El Tule ;
3) |
| Temas: | |
| Etiquetas: |
Sin etiquetas, Sé el primero en etiquetar este registro!
|
MARC
| LEADER | 00000nam^a2200000^a^4500 | ||
|---|---|---|---|
| 001 | 000175881 | ||
| 005 | 20250521000000.0 | ||
| 009 | 20260310101619.682 | ||
| 020 | |a 968-5115-19-2 | ||
| 037 | |a Acervo ITESO - Biblioteca | ||
| 041 | |a ESP | ||
| 082 | |a 972. 041 |b ITU | ||
| 100 | |a Iturbide, Agustín de, |c Emperador de México |e (autor) | ||
| 245 | 1 | 0 | |a Manifiesto al mundo : |b o sean apuntes para la historia / |c A. de Iturbide ; prelim. y pról. de L. Suárez de la Torre. |
| 264 | 4 | |a México : |b Fideicomiso Felipe Teixidor y Monserrat Alfau de Teixidor : |b Libros del Umbral, |c 2001, c2001 | |
| 300 | |a 133 p. | ||
| 336 | |a texto |b txt |2 rdacontenido | ||
| 337 | |a sin mediación |b n |2 rdamedio | ||
| 338 | |a volumen |b nc |2 rdasoporte | ||
| 440 | 4 | |a (El Tule ; |v 3) | |
| 520 | |a Texto escrito por Agustín de Iturbide en Italia, en 1823, en el cual se explica y explica al mundo, las que considera son las razones de su ascenso al trono y también de su caída. | ||
| 649 | |a XX | ||
| 650 | |a Emperadores Mexicanos | ||
| 650 | |a Políticos Mexicanos | ||
| 650 | |a Estado, El - |z México - |x Historia - |y Regencia e Imperio, 1821-1823 | ||
| 650 | |a Nación - |z México - |x Historia - |y Regencia e Imperio, 1821-1823 | ||
| 650 | |a Política - |z México - |x Historia - |y Regencia e Imperio, 1821-1823 | ||
| 650 | |a México - |x Historia - |y Regencia e Imperio, 1821-1823 | ||
| 650 | |a Iturbide, Agustín de, Emperador de México | ||
| 700 | |a Suárez de la Torre, Laura |e (preliminares y prólogo) | ||
| 910 | |a Fondo General | ||
| 920 | |a Impresos - Libros | ||
| 930 | |a Reserva Especial | ||
| 905 | |a 103 | ||
| 901 | |a 0500113879 |b IT1 |c REE |u 20250521 | ||
| 902 | |a https://opac.biblio.iteso.mx/vufind/Record/000175881 | ||